BIBLIOTECA

SENCICO

Proyectos de participación público privada (PPP) : (Registro nro. 3788)

Detalles MARC
000 -LEADER
fixed length control field 01824nam a22002777a 4500
003 - CONTROL NUMBER IDENTIFIER
control field PE SENCICO BE
005 - DATE AND TIME OF LATEST TRANSACTION
control field 20251020182625.0
008 - FIXED-LENGTH DATA ELEMENTS--GENERAL INFORMATION
fixed length control field 230123b |||||||| |||| 00| 0 eng d
020 ## - INTERNATIONAL STANDARD BOOK NUMBER
International Standard Book Number 978-84-1622-825-6
040 ## - CATALOGING SOURCE
Original cataloging agency PE SENCICO BE
Transcribing agency PE SENCICO BE
041 ## - LANGUAGE CODE
Language code of text/sound track or separate title spa
082 ## - DEWEY DECIMAL CLASSIFICATION NUMBER
Classification number 332.6
Item number G71
100 1# - MAIN ENTRY--PERSONAL NAME
9 (RLIN) 502
Personal name González González, Oliva
Relator term autor
245 1# - TITLE STATEMENT
Title Proyectos de participación público privada (PPP) :
Remainder of title para la gestión y financiación de infraestructuras /
Statement of responsibility, etc. Oliva González Gonzáles
250 ## - EDITION STATEMENT
Edition statement 1a ed.
260 ## - PUBLICATION, DISTRIBUTION, ETC.
Place of publication, distribution, etc. Madrid:
Name of publisher, distributor, etc. Ibergarceta Publicaciones,
Date of publication, distribution, etc. 2016
300 ## - PHYSICAL DESCRIPTION
Extent xiv, 297 p. :
Other physical details diagrs.,
Dimensions 24 cm.
504 ## - BIBLIOGRAPHY, ETC. NOTE
Bibliography, etc. note Bibliografía a final de cada capítulo
505 0# - FORMATTED CONTENTS NOTE
Formatted contents note Conceptos básicos -- sistemas de participación público privada (PPP) y sus diferentes modalidades -- definición de a de proyecto de participación ciudadana privada (PPP) -- los riesgos y su gestión -- identificación y gestión de grupos de interés -- implicaciones legales de un proyecto de participación público privada (PPP) -- el régimen económico-financiero de un sistema de participación público privada (PPP) -- estructuración financiera de un proyecto de participación público privada (PPP) -- gestión, supervisión y control de proyectos PPP desde el punto de vista de la administración -- tendencias y evolución futura.
520 3# - SUMMARY, ETC.
Summary, etc. Texto se ha estructurado en diez capítulos, que tratan de cubrir los temas esenciales que alguien quiera dedicarse o se dedica, a la gestión y financiación de este tipo de proyectos, debe conocer o al menos, tener en mente.
650 14 - SUBJECT ADDED ENTRY--TOPICAL TERM
9 (RLIN) 503
Topical term or geographic name entry element Inversiones públicas
650 24 - SUBJECT ADDED ENTRY--TOPICAL TERM
9 (RLIN) 504
Topical term or geographic name entry element Proyectos de desarrollo económico
650 24 - SUBJECT ADDED ENTRY--TOPICAL TERM
9 (RLIN) 14
Topical term or geographic name entry element Evaluación de proyectos
910 ## - USER-OPTION DATA (OCLC)
-- hfp
-- hfp
942 ## - ADDED ENTRY ELEMENTS (KOHA)
Source of classification or shelving scheme Dewey Decimal Classification
Koha item type Libros
Classification part 332.6
Item part G71
Existencias
Fecha de la última vez que lo usaron Número de ingreso o de inventario Pago total Signatura topográfica completa Código de barras Precio efectivo desde Tipo de documento Estado perdido Sistema de clasificación Estado dañado No es para préstamo Retirado Ubicación permanente Ubicación actual Fecha de adquisición
23/01/2023 16324   332.6/G71 BibLima24080022 23/01/2023 Libros   Dewey Decimal Classification       Biblioteca Central Lima Biblioteca Central Lima 23/01/2023